00502cam a22001692 4500001001100000005001700011008004100028020001500069040001500084100002900099245008600128250001200214260003700226300001700263650004900280852000300329000002072720151217152220.0111006s xx 000 0 eng d a03930465 : aKABUcKABU1 aWare, Susan.@000018126610aLetter to the world :bseven women who shaped the American century /cSusan Ware. a1st ed. aNew York :bW. W. Norton,c1998. axxiv, 344 p. 0aWomenvBiographyzUnited States.@00001812671